书目信息 |
| 题名: |
日本大众文化语境下的中国“四大名著”
|
|
| 作者: | 赵莹 著 | |
| 分册: | ||
| 出版信息: | 北京 中国文史出版社 2020 |
|
| 页数: | 310页 | |
| 开本: | 24cm | |
| 丛书名: | ||
| 单 册: | ||
| 中图分类: | I206 , I313.06 | |
| 科图分类: | ||
| 主题词: | 文学--wen xue--文化交流--研究--中国--日本 | |
| 电子资源: | ||
| ISBN: | 978-7-5205-1563-4 | |
| 000 | 01028nam0 2200253 450 | |
| 001 | 2159239578 | |
| 005 | 20210926145305.0 | |
| 010 | @a978-7-5205-1563-4@dCNY58.00 | |
| 100 | @a20200408d2020 em y0chiy50 ea | |
| 101 | 0 | @achi |
| 102 | @aCN@b110000 | |
| 105 | @aa z 000yy | |
| 106 | @ar | |
| 200 | 1 | @a日本大众文化语境下的中国“四大名著”@Ari ben da zhong wen hua yu jing xia de zhong guo si da ming zhu@f赵莹著 |
| 210 | @a北京@c中国文史出版社@d2020 | |
| 215 | @a310页@c图@d24cm | |
| 300 | @a国家社会科学基金青年项目“日本大众文化语境下的中国四大名著”成果 | |
| 330 | @a本书共12章,内容包括:中国“四大名著”跨国演绎的肇始、中国四大奇书与日本江户文学、《三国演义》的日译本、《水浒传》和《金瓶梅》的日译本、《西游记》和《红楼梦》的日译本、日本大众文学第一人的三国和水浒、中国历史题材小说的三巨匠等。 | |
| 606 | 0 | @a文学@Awen xue@x文化交流@x研究@y中国@y日本 |
| 690 | @aI206@v5 | |
| 690 | @aI313.06@v5 | |
| 701 | 0 | @a赵莹@Azhao ying@f(1977- )@4著 |
| 801 | 0 | @aCN@b百万庄@c20210925 |
| 905 | @b1298880-83@dI206@e197@f4 | |
| 日本大众文化语境下的中国“四大名著”/赵莹著.-北京:中国文史出版社,2020 |
| 310页:图;24cm |
| 国家社会科学基金青年项目“日本大众文化语境下的中国四大名著”成果 |
| ISBN 978-7-5205-1563-4:CNY58.00 |
| 本书共12章,内容包括:中国“四大名著”跨国演绎的肇始、中国四大奇书与日本江户文学、《三国演义》的日译本、《水浒传》和《金瓶梅》的日译本、《西游记》和《红楼梦》的日译本、日本大众文学第一人的三国和水浒、中国历史题材小说的三巨匠等。 |
| ● |
| 相关链接 |
|
|
|
|
正题名:日本大众文化语境下的中国"四大名著"
索取号:I206/197
 
预约/预借
| 序号 | 登录号 | 条形码 | 馆藏地/架位号 | 状态 | 备注 |
| 1 | 1298880 | 212988800 | 第一样本阅览室/ [索取号:I206/197] | 在馆 | |
| 2 | 1298881 | 212988819 | 第二借阅区/ [索取号:I206/197] | 在馆 | |
| 3 | 1298882 | 212988828 | 第二借阅区/ [索取号:I206/197] | 在馆 | |
| 4 | 1298883 | 212988837 | 第二借阅区/ [索取号:I206/197] | 在馆 |